Historia : américa y europa en la edad moderna. 2 es /
Guardado en:
| Autor Principal: | |
|---|---|
| Formato: | Libro |
| Publicado: |
Buenos Aires :
Estrada,
2013
|
| Series: | Huellas
|
| Materias: | |
| Etiquetas: |
Agregar Etiqueta
Sin Etiquetas, Sea el primero en etiquetar este registro!
|
| LEADER | 01311nam a22002415a 4500 | ||
|---|---|---|---|
| 001 | CEM.cems014625 | ||
| 005 | 20150812161418.0 | ||
| 008 | 130507s2013##################000#0#####d | ||
| 003 | CEMS | ||
| 020 | |a 9789500115674 | ||
| 082 | 0 | 4 | |a 940.2 |
| 100 | 1 | |a Alvarez, María Noél | |
| 245 | 1 | 0 | |a Historia : |b américa y europa en la edad moderna. 2 es / |c María Noél Alvarez ... y Otros |
| 260 | |a Buenos Aires : |b Estrada, |c 2013 | ||
| 300 | |a 240 p. | ||
| 490 | 0 | |a Huellas | |
| 505 | 0 | |a La sociedades americanas antes de la conquista -- La crisis del feudalismo -- Humanistas y renacentistas -- La expansión ultramarina de los pueblos europeos -- La conquista de América -- Los imperios coloniales europeos -- La sociedad colonial -- La era de los absolutismos -- El sistema mundial europeo -- Cultura y sociedad en la europa del siglo XVII -- El iluminismo -- La revolución indutrial -- Las transformaciones en América durante el suglo XVIII -- La revolución francesa y la expansión napoleónica -- Herencia colonial y multiculturalidad latinoamericana -- Las culturas indígenas en el siglo XXI | |
| 653 | |a Historia | ||
| 653 | |a Historia americana | ||
| 653 | |a Historia europea | ||
| 653 | |a Historia edad moderna | ||
| 653 | |a Texto escolar | ||
| 859 | |a CEMS |b BIB. CEMS - 11 de abril |h 940.2 |i AL76 |p 27188.15 |t Ej.1 | ||
